Normal view
MARC view
- The calculus of computation
Entry Topical Term
001 - CONTROL NUMBER
- control field: 5190
003 - CONTROL NUMBER IDENTIFIER
- control field: JO-AjAnu
005 - DATE AND TIME OF LATEST TRANSACTION
- control field: 20230606071138.0
008 - FIXED-LENGTH DATA ELEMENTS
- fixed length control field: 230606|| aca||aabn | a|a d
040 ## - CATALOGING SOURCE
- Original cataloging agency: JO-AjAnu
- Transcribing agency: JO-AjAnu
150 ## - HEADING--TOPICAL TERM
- Topical term or geographic name entry element: The calculus of computation
670 ## - SOURCE DATA FOUND
- Source citation: Work cat.: (JO-AjAnu)2680: Manna,Zohar/Bradley,Aaron, author 5189, The calculus of computation